000 00379nam a2200169Ia 4500
003 0STCL
008 150530s9999 xx 000 0 und d
040 _aSTCL
_cSTCL
100 _aAruna Dheekshit
245 _aGadya Mala
260 _bNiraj Prakashan; Delhi
_c1989
_aDelhi
300 _a0
546 _aHindi
942 _2ddc
_cBK
999 _c65014
_d65014
005 20220125171257.0